LEADER 01228nas 2200445-c 450 001 996404436503316 005 20231007213020.0 011 $a2624-6511 024 7 $a10.3390/smartcities 035 $a(DE-599)ZDB3038911-2 035 $a(OCoLC)1113099223 035 $a(CKB)4100000005044609 035 $a(CONSER)--2021239220 035 $a(EXLCZ)994100000005044609 100 $a20181121a20189999 o-- - 101 0 $aeng 135 $aur||||||||||| 181 $ctxt$2rdacontent 182 $cc$2rdamedia 183 $acr$2rdacarrier 200 00$aSmart cities 210 1$aBasel, Switzerland$cMDPI$d2018- 215 $a1 online resource 300 $aRefereed/Peer-reviewed 531 1 $aSmart cities 606 $aSmart cities$vPeriodicals 606 $aVilles intelligentes$vPériodiques 606 $aCiudades inteligentes$2abne 606 $aSmart cities$2fast$3(OCoLC)fst02002352 608 $aRevistas$2abne 608 $aPeriodicals$2fast 615 0$aSmart cities 615 6$aVilles intelligentes 615 7$aCiudades inteligentes 615 7$aSmart cities 676 $a710 906 $aJOURNAL 912 $a996404436503316 996 $aSmart Cities$93584983 997 $aUNISA